000
00272nam a2200109Ia 4500
008
220204s9999 xx 000 0 und d
082
_a
954
_b
RAW
100
_a
Rawson, Philip
245
0
_a
Making of the past: Indian Asia
260
_a
Lausanne
_b
Elsevier
_c
1977
942
_c
BK
999
_c
33123
_d
33123